Anerkannte, nicht anerkannte Länder, und Territorien der Welt - Statistiken

Allgemein
  • Dieses Quiz wurde 36.846 mal gespielt
    16.478 seit der letzten Aktualisierung
  • Das Durchschnittsergebnis liegt bei 157 aus 247
Antworten auf der Karte
Die Antworten werden auf der Karte rot bzw. grün angezeigt, abhängig davon wie oft sie richtig erraten wurden.
 
Antwortstatistiken
Land % Korrekt
Vereinigte Staaten
86%
Grönland
84%
Kanada
84%
Mexiko
81%
Russland
81%
Deutschland
80%
Island
80%
Dänemark
79%
Frankreich
79%
Irland
79%
Vereinigtes Königreich
79%
Australien
78%
Brasilien
78%
China
78%
Finnland
78%
Italien
78%
Norwegen
78%
Portugal
78%
Schweden
78%
Spanien
78%
Argentinien
77%
Belarus
77%
Belgien
77%
Chile
77%
Estland
77%
Japan
77%
Lettland
77%
Niederlande
77%
Österreich
77%
Polen
77%
Schweiz
77%
Türkei
77%
Ukraine
77%
Ägypten
76%
Albanien
76%
Griechenland
76%
Indien
76%
Kroatien
76%
Kuba
76%
Litauen
76%
Nordkorea
76%
Südkorea
76%
Tschechien
76%
Bosnien und Herzegowina
75%
Bulgarien
75%
Irak
75%
Iran
75%
Kolumbien
75%
Kosovo
75%
Marokko
75%
Mongolei
75%
Neuseeland
75%
Peru
75%
Rumänien
75%
Serbien
75%
Slowakei
75%
Slowenien
75%
Südafrika
75%
Ungarn
75%
Afghanistan
74%
Bolivien
74%
Französisch- Guayana
74%
Indonesien
74%
Israel
74%
Kasachstan
74%
Luxemburg
74%
Madagaskar
74%
Malta
74%
Panama
74%
Saudi-Arabien
74%
Thailand
74%
Uruguay
74%
Venezuela
74%
Algerien
73%
DR Kongo
73%
Haiti
73%
Jemen
73%
Moldawien
73%
Niger
73%
Nordmazedonien
73%
Pakistan
73%
Paraguay
73%
Republik Kongo
73%
Vietnam
73%
Dominikanische Republik
72%
Ecuador
72%
Georgien
72%
Honduras
72%
Liechtenstein
72%
Montenegro
72%
Nepal
72%
Nigeria
72%
Oman
72%
Sudan
72%
Syrien
72%
Taiwan
72%
Tunesien
72%
Zypern
72%
Andorra
71%
Aserbaidschan
71%
Bahamas
71%
Costa Rica
71%
Jamaika
71%
Libyen
71%
Philippinen
71%
Südsudan
71%
Usbekistan
71%
Vereinigte Arabische Emirate
71%
Armenien
70%
Bangladesch
70%
Elfenbeinküste
70%
Guatemala
70%
Jordanien
70%
Kirgisistan
70%
Laos
70%
Mali
70%
Nicaragua
70%
Papua-Neuguinea
70%
Somalia
70%
Sri Lanka
70%
Turkmenistan
70%
Vatikanstadt
70%
Äthiopien
69%
El Salvador
69%
Ghana
69%
Guyana
69%
Katar
69%
Malaysia
69%
Myanmar
69%
San Marino
69%
Suriname
69%
Tschad
69%
Angola
68%
Belize
68%
Bhutan
68%
Guinea
68%
Kambodscha
68%
Kenia
68%
Malediven
68%
Namibia
68%
Tadschikistan
68%
Togo
68%
Eritrea
67%
Kap Verde
67%
Lesotho
67%
Libanon
67%
Mauretanien
67%
Monaco
67%
Senegal
67%
Tansania
67%
Zentralafrikanische Republik
67%
Fidschi
66%
Kamerun
66%
Kuwait
66%
Seychellen
66%
Uganda
66%
Benin
65%
Botswana
65%
Eswatini
65%
Mikronesien
65%
Mosambik
65%
Palästina
65%
Ruanda
65%
Äquatorial- Guinea
64%
Bahrain
64%
Guinea-Bissau
64%
Mauritius
64%
Sambia
64%
Simbabwe
64%
Trinidad und Tobago
64%
Burkina Faso
63%
Dschibuti
63%
Gabun
63%
Gambia
63%
Liberia
63%
Singapur
63%
St. Lucia
63%
Amerikanisch- Samoa
62%
Burundi
62%
Kiribati
62%
Malawi
62%
Osttimor
62%
São Tomé und Príncipe
62%
Sierra Leone
62%
St. Kitts und Nevis
62%
St. Vincent und die Grenadinen
62%
Barbados
61%
Dominica
61%
Komoren
61%
Marshallinseln
61%
Palau
61%
Samoa
61%
Tuvalu
61%
Vanuatu
61%
Westsahara
61%
Brunei
60%
Tonga
60%
Antigua und Barbuda
59%
Nauru
59%
Salomonen
59%
Färöer
58%
Grenada
58%
Falklandinseln
52%
Puerto Rico
50%
Bermuda
47%
Nordzypern
47%
Svalbard und Jan Mayen
45%
Hongkong
41%
Amerikanische Jungferninseln
40%
Britische Jungferninseln
40%
Französisch- Polynesien
40%
Gibraltar
40%
Isle of Man
40%
Somaliland
39%
Guam
38%
Weihnachtsinsel
38%
Aruba
35%
Cookinseln
35%
Curaçao
34%
Neukaledonien
34%
Réunion
34%
St. Helena, Ascension und Tristan da Cunha
34%
Transnistrien
34%
Abchasien
30%
Jersey
30%
Macau
30%
Guadeloupe
29%
Martinique
29%
Niue
29%
Guernsey
27%
Kaiman-Inseln
27%
Saint Martin
27%
Sint Maarten
27%
Südossetien
27%
Turks- und Caicosinseln
27%
Kokosinseln
26%
Nördliche Marianen
25%
Karibische Niederlande
24%
Mayotte
24%
Anguilla
23%
Montserrat
23%
Norfolkinsel
22%
Pitcairninseln
22%
Wallis und Futuna
21%
Tokelau
20%
Saint-Pierre und Miquelon
19%
Saint Barthélemy
15%
Keine übereinstimmenden Quizze gefunden
Verteilung der Resultate
Anzahl Personen mit jedem Resultat
Perzentil nach korrekt beantworteten Fragen
Ihre Resultats-Entwicklung
Sie haben dieses Quiz seit der letzten Aktualisierung nicht gespielt